La teoria del gender e l'origine dell'omosessualità : una sfida culturale /
Guardat en:
| Autor principal: | |
|---|---|
| Altres autors: | |
| Format: | Llibre |
| Idioma: | italià |
| Publicat: |
Cinisello Balsamo :
San Paolo,
2012
|
| Col·lecció: | Progetto famiglia ;
118 |
| Matèries: | |
| Etiquetes: |
Sense etiquetes, Sigues el primer a etiquetar aquest registre!
|
MARC
| LEADER | 00000nam a22000007i 4500 | ||
|---|---|---|---|
| 001 | IT\ICCU\UM1\0126134 | ||
| 003 | ItRI | ||
| 005 | 20260218100841.0 | ||
| 008 | 120614s2012 it |||||| ||||| |||||c | ||
| 020 | |a 9788821574344 | ||
| 040 | |b ita |c importazione bologna sebina | ||
| 041 | 7 | |a ita |2 ISO-639-2 | |
| 082 | |a 306.76 |2 23 | ||
| 100 | 1 | |a Anatrella, Tony |0 IT\ICCU\PUVV\195989 |4 aut | |
| 245 | 1 | 3 | |a La teoria del gender e l'origine dell'omosessualità : |b una sfida culturale / |c Tony Anatrella ; prefazione del card. Angelo Scola. |
| 260 | |a Cinisello Balsamo : |b San Paolo, |c 2012 | ||
| 300 | |a 166 p. ; |c 20 cm | ||
| 650 | 7 | |a Identità sessuale |x Aspetti socio-culturali | |
| 700 | 1 | |a Scola, Angelo |0 IT\ICCU\RAVV\063002 |4 aui | |
| 830 | 0 | |a Progetto famiglia ; |v 118 |0 IT\ICCU\CFI\0039692 | |
| 942 | |2 ddc |c BK |n 0 | ||
| 952 | |0 0 |1 0 |4 0 |6 DOC_261_835000000000000_ANA |7 0 |9 19500 |a BO |b BO |d 2026-01-15 |i 16773 |l 0 |o DOC 261.835 ANA |p BO16773 |r 2026-01-15 23:20:52 |w 2026-01-15 |x [Sebina 5] [1 v.] |y BK |z 1 v. | ||
| 952 | |0 0 |1 0 |4 0 |6 306_760000000000000_ANA_TEO |7 0 |9 32970 |a VR |b VR |d 2026-02-16 |i 39 |l 0 |o 306.76 ANA TEO |p OBE-39 |r 2026-02-16 15:28:36 |w 2026-02-16 |y BK | ||
| 999 | |c 16608 |d 16608 | ||